Κατάλογος Βιβλιοθηκών Mediterranean College

Receptors and Hormone Action / Volume II (Record no. 1751)

MARC details
000 -LEADER
fixed length control field 01529cam a22002054a 4500
005 - ΗΜΕΡΟΜΗΝΙΑ ΚΑΙ ΩΡΑ ΤΕΛΕΥΤΑΙΑΣ ΕΝΗΜΕΡΩΣΗΣ
Πεδίο ελέγχου 20250605164018.0
008 - FIXED-LENGTH DATA ELEMENTS--GENERAL INFORMATION
Πεδίο ελέγχου σταθερού μήκους 250528s ||||||||||||||||||||||||d
035 ## - SYSTEM CONTROL NUMBER
System control number 16223
020 ## - ISBN
ISBN 125263023
040 ## - ΠΗΓΗ ΚΑΤΑΛΟΓΟΓΡΑΦΗΣΗΣ
Φορέας πρωτότυπης καταλογογράφησης MC Athens Campus Library
Γλώσσα καταλογογράφησης Ελληνικά, Μοντέρνα (1453-)
Modifying agency MC Athens Campus Library
Κανόνες περιγραφικής καταλογογράφησης AACR2
245 1# - ΤΙΤΛΟΣ ΚΑΙ ΔΗΛΩΣΗ ΥΠΕΥΘΥΝΟΤΗΤΑΣ
Τίτλος Receptors and Hormone Action / Volume II
260 ## - PUBLICATION, DISTRIBUTION, ETC.
Name of publisher, distributor, etc. Addison-Wesley Publishing Company,
Date of publication, distribution, etc. 1978
300 ## - PHYSICAL DESCRIPTION
Extent 608
520 ## - SUMMARY, ETC.
Summary, etc. Preface, The Biology and Pharmacology of Estrogen Receptor Binding: Relationship to Uterine Growth, Conformational Forms of the Estrogen Receptor, Nuclear Estrogen Receptor and DNA Synthesis, The Role of Receptors in the Anabolic Action of Androgens, Androgen Receptors and Biologic Responses: A Survey, Androgen Receptor Interactions in Target Cells: Biochemical Evaluation, Biology of Progesterone Receptors, Molecular Structure and Analysis of Progesterone Receptors, Regulation of Gene Expression by Glucocorticoid Hormones: Studies of Receptors and Responses in Cultured Cells, Glucocorticoid Regulation of Mammary Tumor Virus Gene Expression, Biology of Mineralocorticoid Receptors, Gonadal Steroid Receptors in Neuroendocrine Tissues, Hormones and Their Receptors in Breast Cancer, Steroid-Binding Serum Globulins: Recent Results, Androgen-Binding Proteins of the Male Rat Reproductive Tract, Vitamins D Receptor and Biologic Responses, Cellular-Binding Protein for Compounds with Vitamin A.
700 1# - ΠΡΟΣΘΕΤΗ ΑΝΑΓΡΑΦΗ--ΦΥΣΙΚΟ ΠΡΟΣΩΠΟ
Personal name Birnbaumer Lutz
9 (RLIN) 2303
700 1# - ΠΡΟΣΘΕΤΗ ΑΝΑΓΡΑΦΗ--ΦΥΣΙΚΟ ΠΡΟΣΩΠΟ
Personal name O'Malley Bert W
9 (RLIN) 2304
942 ## - ADDED ENTRY ELEMENTS (KOHA)
Koha item type Books
Holdings
Τύπος τεκμηρίου Βιβλιοθήκη Τρέχουσα τοποθεσία Barcode Αριθμός εισαγωγής Ημερομηνία απόκτησης Ταξιθετικό σύμβολο Αριθμός αντιτύπου Κατάσταση απόσυρσης Κατάσταση χαμένου Κατάσταση κατεστραμμένου Μη δανεισμός Σύνολο δανεισμών Ημερομηνία τελευταίας εμφάνισης Η τιμή ισχύει από
Books MC Athens Campus Library MC Athens Campus Library 9780000017505 3310 05/06/2025 591.1/42 O'MA V.II 1           05/06/2025 05/06/2025

MC Athens Campus Library
Πατησίων 94 & Κοδριγκτώνος 13, 104 34
Πελλήνης 8 & Πατησίων 107, 112 51
Τ: +30 210 8899600

MC Thessaloniki Campus Library
Ίωνος Δραγούμη 21, 54625 | Ίωνος Δραγούμη 15, 54625
Τ: +30 2310 287779 – Τ: +30 2314 440300